| 000 | 01759nam a2200469 i 4500 | ||
|---|---|---|---|
| 001 | 14599 | ||
| 003 | KOSZ 005 | ||
| 005 | 20191026094135.0 | ||
| 008 | 080701s1961 pl ab f 001 0 pol | ||
| 015 | _aPB 1961/7324 | ||
| 035 | _a991042981249705066 | ||
| 035 | _a(PL-WaBN)b2157585x-48omnis_nlop | ||
| 035 | _ab2157585x | ||
| 035 | _a(OCoLC)832383729 | ||
| 035 | _a(PL)b0000002157585 | ||
| 035 | _a(EXLNZ-48OMNIS_NETWORK)9910028026605606 | ||
| 040 |
_aWA N _cWA N _dKOSZ 005/KK |
||
| 041 | 1 |
_apol _hger |
|
| 046 | _k1961 | ||
| 080 | _a338.98 | ||
| 080 | _a330 | ||
| 100 | 1 |
_aLösch, August _d(1906-1945). _eAutor |
|
| 245 | 1 | 0 |
_aGospodarka przestrzenna : _bteoria lokalizacji / _cAugust Lösch ; [tłumaczenie Kazimierz Dziewoński, Witold Lissowski]. |
| 246 | 1 |
_iTytuł oryginału.: _aRäumliche Ordnung der Wirtschaft |
|
| 260 |
_aWarszawa : _bPaństwowe Wydawnictwo Ekonomiczne, _c1961. |
||
| 300 |
_a407, [1] strona : _bilustracje, mapa, errata ; _c25 cm. |
||
| 336 |
_2rdacontent _aTekst _btxt |
||
| 337 |
_2rdamedia _aBez urządzenia pośredniczącego _bn |
||
| 338 |
_2rdacarrier _aWolumin _bnc |
||
| 380 | _aKsiążki | ||
| 388 | _a1901-2000 | ||
| 500 | _aTytuł oryginału : Die räumliche Ordnung der Wirtschaft. | ||
| 504 | _aBibliografia na stronach 381-394. Indeks. | ||
| 650 | 7 |
_aPlanowanie przestrzenne _2DBN |
|
| 658 | _aGospodarka, ekonomia, finanse | ||
| 700 | 1 |
_aDziewoński, Kazimierz _d(1910-1994). _eTłumaczenie |
|
| 700 | 1 |
_aLissowski, Witold. _eTłumaczenie |
|
| 710 | 2 |
_aPaństwowe Wydawnictwo Ekonomiczne _4pbl |
|
| 856 |
_uhttp://koha.tu.koszalin.pl/cgi-bin/koha/opac-detail.pl?biblionumber=14599 _yKatalog online BPK |
||
| 942 |
_2UKD _cKS |
||
| 999 |
_c14599 _d14599 |
||